000 00671nam a2200265Ia 4500
003 OSt
005 20221007064329.0
006 a|||||r|||| 00| 0
007 ta
008 221006b |||||||| |||| 00| 0 eng d
024 _a6,451
037 _cTextual
040 _aFLL
_cFLL
_beng
041 _2eng
_aeng
082 _aX724:Z2, M1.3
100 _aIyengar A.C.Sampath Au.
245 0 _aLaw of income tax
250 _a7th
260 _aDelhi
_bBharat pub. house India
_c1981
300 _a3267p
_ccm.
490 _vV3
650 _aIncome tax
942 _hX724:Z2, M1.3
_cTEXL
_2CC
999 _c1133733
_d1133733